<?xml version="1.0" encoding="UTF-8"?>
<record
    xmlns:xsi="http://www.w3.org/2001/XMLSchema-instance"
    xsi:schemaLocation="http://www.loc.gov/MARC21/slim http://www.loc.gov/standards/marcxml/schema/MARC21slim.xsd"
    xmlns="http://www.loc.gov/MARC21/slim">

  <leader>00765nas a2200229 a 4500</leader>
  <controlfield tag="005">20250415093849.0</controlfield>
  <controlfield tag="007">ta</controlfield>
  <controlfield tag="008">250127e2022    dr |||||r||||||0| 0 spa d</controlfield>
  <datafield tag="040" ind1=" " ind2=" ">
    <subfield code="a">DO-SdBNP</subfield>
    <subfield code="c">DO-SdBNP</subfield>
    <subfield code="e">rda</subfield>
  </datafield>
  <datafield tag="041" ind1=" " ind2=" ">
    <subfield code="h">spa</subfield>
  </datafield>
  <datafield tag="110" ind1=" " ind2=" ">
    <subfield code="a">Uni&#xF3;n de Farmacias, Inc.</subfield>
    <subfield code="9">86918</subfield>
  </datafield>
  <datafield tag="245" ind1=" " ind2=" ">
    <subfield code="a">Notifarxma /</subfield>
    <subfield code="c">Uni&#xF3;n de Farmacias, Inc.</subfield>
  </datafield>
  <datafield tag="264" ind1=" " ind2=" ">
    <subfield code="a">Santo Domingo, Rep&#xFA;blica Dominicana : </subfield>
    <subfield code="b">Uni&#xF3;n de Farmacias, </subfield>
    <subfield code="c">2022.</subfield>
  </datafield>
  <datafield tag="300" ind1=" " ind2=" ">
    <subfield code="a">volumen : </subfield>
    <subfield code="b">ilustraciones, fotograf&#xED;as, gr&#xE1;ficas, tablas ; </subfield>
    <subfield code="c">28 cm.</subfield>
  </datafield>
  <datafield tag="310" ind1=" " ind2=" ">
    <subfield code="a">Mensual</subfield>
  </datafield>
  <datafield tag="336" ind1=" " ind2=" ">
    <subfield code="a">texto</subfield>
    <subfield code="b">txt</subfield>
    <subfield code="2">rdacontent</subfield>
  </datafield>
  <datafield tag="337" ind1=" " ind2=" ">
    <subfield code="a">sin mediaci&#xF3;n </subfield>
    <subfield code="b">c</subfield>
    <subfield code="2">rdamedia</subfield>
  </datafield>
  <datafield tag="338" ind1=" " ind2=" ">
    <subfield code="a">volumen</subfield>
    <subfield code="b">nc</subfield>
    <subfield code="2">rdacarrier</subfield>
  </datafield>
  <datafield tag="362" ind1=" " ind2=" ">
    <subfield code="a">No. 26, marzo 2022.</subfield>
  </datafield>
  <datafield tag="650" ind1=" " ind2="0">
    <subfield code="a">Farmac&#xE9;utica</subfield>
    <subfield code="v">Publicaciones peri&#xF3;dicas </subfield>
    <subfield code="9">86919</subfield>
  </datafield>
  <datafield tag="942" ind1=" " ind2=" ">
    <subfield code="2">ddc</subfield>
    <subfield code="c">ISSUE</subfield>
  </datafield>
  <datafield tag="952" ind1=" " ind2=" ">
    <subfield code="0">0</subfield>
    <subfield code="1">0</subfield>
    <subfield code="2">ddc</subfield>
    <subfield code="4">0</subfield>
    <subfield code="5">6</subfield>
    <subfield code="7">0</subfield>
    <subfield code="8">SE</subfield>
    <subfield code="a">BNPHU</subfield>
    <subfield code="b">BNPHU</subfield>
    <subfield code="d">2025-01-27</subfield>
    <subfield code="h">No. 28, marzo 2022</subfield>
    <subfield code="l">0</subfield>
    <subfield code="p">2025-0472</subfield>
    <subfield code="r">2025-01-27</subfield>
    <subfield code="t">e.1</subfield>
    <subfield code="w">2025-01-27</subfield>
    <subfield code="y">ISSUE</subfield>
  </datafield>
  <datafield tag="952" ind1=" " ind2=" ">
    <subfield code="0">0</subfield>
    <subfield code="1">0</subfield>
    <subfield code="2">ddc</subfield>
    <subfield code="4">0</subfield>
    <subfield code="5">6</subfield>
    <subfield code="7">0</subfield>
    <subfield code="8">SE</subfield>
    <subfield code="a">BNPHU</subfield>
    <subfield code="b">BNPHU</subfield>
    <subfield code="d">2025-01-27</subfield>
    <subfield code="h">No. 32, agosto 2023</subfield>
    <subfield code="l">0</subfield>
    <subfield code="p">2025-0473</subfield>
    <subfield code="r">2025-01-27</subfield>
    <subfield code="t">e.1</subfield>
    <subfield code="w">2025-01-27</subfield>
    <subfield code="y">ISSUE</subfield>
  </datafield>
  <datafield tag="952" ind1=" " ind2=" ">
    <subfield code="0">0</subfield>
    <subfield code="1">0</subfield>
    <subfield code="2">ddc</subfield>
    <subfield code="4">0</subfield>
    <subfield code="5">6</subfield>
    <subfield code="7">0</subfield>
    <subfield code="8">SE</subfield>
    <subfield code="a">BNPHU</subfield>
    <subfield code="b">BNPHU</subfield>
    <subfield code="d">2025-01-27</subfield>
    <subfield code="h">No. 32, agosto 2023</subfield>
    <subfield code="l">0</subfield>
    <subfield code="p">2025-0474</subfield>
    <subfield code="r">2025-01-27</subfield>
    <subfield code="t">e.2</subfield>
    <subfield code="w">2025-01-27</subfield>
    <subfield code="y">ISSUE</subfield>
  </datafield>
  <datafield tag="952" ind1=" " ind2=" ">
    <subfield code="0">0</subfield>
    <subfield code="1">0</subfield>
    <subfield code="2">ddc</subfield>
    <subfield code="4">0</subfield>
    <subfield code="5">6</subfield>
    <subfield code="7">0</subfield>
    <subfield code="8">SE</subfield>
    <subfield code="a">BNPHU</subfield>
    <subfield code="b">BNPHU</subfield>
    <subfield code="d">2025-01-27</subfield>
    <subfield code="h">No. 35, septiembre 2024</subfield>
    <subfield code="l">0</subfield>
    <subfield code="p">2025-0475</subfield>
    <subfield code="r">2025-01-27</subfield>
    <subfield code="t">e.1</subfield>
    <subfield code="w">2025-01-27</subfield>
    <subfield code="y">ISSUE</subfield>
  </datafield>
  <datafield tag="952" ind1=" " ind2=" ">
    <subfield code="0">0</subfield>
    <subfield code="1">0</subfield>
    <subfield code="2">ddc</subfield>
    <subfield code="4">0</subfield>
    <subfield code="5">6</subfield>
    <subfield code="7">0</subfield>
    <subfield code="8">SE</subfield>
    <subfield code="a">BNPHU</subfield>
    <subfield code="b">BNPHU</subfield>
    <subfield code="d">2025-01-27</subfield>
    <subfield code="h">No. 35, septiembre 2024</subfield>
    <subfield code="l">0</subfield>
    <subfield code="p">2025-0476</subfield>
    <subfield code="r">2025-01-27</subfield>
    <subfield code="t">e.2</subfield>
    <subfield code="w">2025-01-27</subfield>
    <subfield code="y">ISSUE</subfield>
  </datafield>
  <datafield tag="999" ind1=" " ind2=" ">
    <subfield code="c">58090</subfield>
    <subfield code="d">58090</subfield>
  </datafield>
</record>
